AFL TOP 50 PLAYERS 2023 - Statistics

General Stats
  • This quiz has been taken 2,255 times
  • The average score is 30 of 50
Answer Stats
Hint Answer % Correct
2. WESTERN BULLDOGS Marcus Bontempelli
97%
1. COLLINGWOOD Nick Daicos
96%
17. CARLTON Patrick Cripps
93%
3. MELBOURNE Christian Petracca
92%
34. COLLINGWOOD Josh Daicos
91%
29. GWS Tom Green
90%
7. BRISBANE Lachie Neale
89%
4. CARLTON Charlie Curnow
85%
8. PORT ADELAIDE Zac Butters
85%
9. MELBOURNE Clayton Oliver
80%
5. GWS Toby Greene
80%
13. MELBOURNE Max Gawn
80%
40. ESSENDON Nic Martin
79%
15. PORT ADELAIDE Connor Rozee
73%
41. RICHMOND Dustin Martin
73%
10. ADELAIDE Jordan Dawson
70%
11. ESSENDON Zach Merrett
70%
38. BRISBANE Charlie Cameron
67%
14. SYDNEY Errol Gulden
66%
20. GEELONG Jeremy Cameron
66%
19. FREMANTLE Caleb Serong
64%
47. CARLTON Sam Walsh
63%
6. RICHMOND Tim Taranto
60%
37. FREMANTLE Andrew Brayshaw
59%
42. PORT ADELAIDE Dan Houstan
59%
18. ST KILDA Jack Sinclair
59%
25. ADELAIDE Taylor Walker
58%
16. HAWTHORN James Sicily
55%
21. WEST COAST Tim Kelly
55%
45. SYDNEY Chad Warner
54%
27. COLLINGWOOD Darcy Moore
54%
32. NORTH MELBOURNE Nick Larkey
52%
30. MELBOURNE Jack Viney
49%
12. WESTERN BULLDOGS Tim English
49%
23. BRISBANE Josh Dunkley
48%
46. NORTH MELBOURNE Harry Sheezel
46%
24. WESTERN BULLDOGS Tom Liberatore
45%
36. HAWTHORN Jai Newcombe
44%
48. WESTERN BULLDOGS Adam Treloar
42%
26. NORTH MELBOURNE Luke Davies-Uniacke
42%
31. ADELAIDE Rory Laird
41%
22. GEELONG Tom Stewart
39%
35. COLLINGWOOD Scott Pendlebury
38%
33. GWS Sam Taylor
36%
28. FREMANTLE Sean Darcy
31%
43. CARLTON Adam Cerra
24%
44. SYDNEY Tom Papley
23%
50. ST KILDA Callum Wilkie
21%
39. NORTH MELBOURNE Jy Simpkin
19%
49. SYDNEY Nick Blakey
17%
No matching quizzes found
Score Distribution
Percent of People with Each Score
Percentile by Number Answered
Your Score History
You have not taken this quiz